La Riqueza de las naciones: libros I-IV . Investigación de la naturaleza y causas de la riqueza de las naciones
Gardado en:
| Autor Principal: | |
|---|---|
| Formato: | Texto |
| Publicado: |
San José:
Universidad Autonoma de Centroamerica
|
| Etiquetas: |
Engadir etiqueta
Sen Etiquetas, Sexa o primeiro en etiquetar este rexistro!
|
MARC
| LEADER | 00000 a a2200000 04500 | ||
|---|---|---|---|
| 001 | 32133 | ||
| 003 | |||
| 040 | |||
| 020 | |a 9977-063-031-3 | ||
| 090 | |a 201100 | ||
| 100 | |a Smith, Adam | ||
| 245 | |a La Riqueza de las naciones: libros I-IV . Investigación de la naturaleza y causas de la riqueza de las naciones | ||
| 260 | |a San José: |b Universidad Autonoma de Centroamerica | ||
| 300 | |a 338 p.; 2 v. | ||
| 500 | |a El Centro de Documentación contiene los v.1 y v.Disponible también en inglés NA204300 hasta eEl Centro de Documentación contiene los v.1 y v.Disponible también en inglés NA204300 hasta el libro III | ||
| 999 | |c 12490 |d 12490 | ||
